[Event "CRO-chT2W"]
[Site "Croatia"]
[Date "2016.03.06"]
[Round "2.4"]
[White "Crnkovic, Zdravko"]
[Black "Grguric, Domagoj"]
[Result "1/2-1/2"]
[WhiteElo "1998"]
[BlackElo "2045"]
[PlyCount "63"]
[EventDate "2016.03.05"]
[EventType "team-tourn"]
[EventRounds "9"]
[EventCountry "CRO"]
[SourceTitle "CBM 171 Extra"]
[Source "ChessBase"]
[SourceDate "2016.04.26"]
[SourceVersion "1"]
[SourceVersionDate "2016.04.26"]
[SourceQuality "1"]
[WhiteTeam "Rovinj Batana"]
[BlackTeam "Ravna Gora Goranka"]
[WhiteTeamCountry "CRO"]
[BlackTeamCountry "CRO"]

1. e4 Nf6 2. e5 Nd5 3. d4 d6 4. c4 Nb6 5. f4 dxe5 6. fxe5 Bf5 7. Nf3 e6 8. Bd3 Bg4 9. Be4 Nc6 10. 0-0 Qd7 11. Bxc6 Qxc6 12. c5 Nd5 13. Nc3 Be7 14. Qa4 Qxa4 15. Nxa4 0-0 16. Bd2 Rad8 17. a3 b6 18. cxb6 cxb6 19. Rac1 Rc8 20. Rxc8 Rxc8 21. Rc1 Rxc1+ 22. Bxc1 Bxf3 23. gxf3 Kf8 24. Nc3 Nxc3 25. bxc3 b5 26. Kf2 Ke8 27. Ke2 Kd7 28. Kd3 Kc6 29. c4 bxc4+ 30. Kxc4 Bh4 31. h3 Be7 32. a4 1/2-1/2

[Event "CRO-chT2 West"]
[Site "Croatia"]
[Date "2015.02.22"]
[Round "3.4"]
[White "Grguric, Domagoj"]
[Black "Ikica, Ante"]
[Result "1-0"]
[WhiteElo "2034"]
[BlackElo "1962"]
[PlyCount "81"]
[EventDate "2015.02.21"]
[EventType "team-tourn"]
[EventRounds "9"]
[EventCountry "CRO"]
[SourceTitle "EXT 2016"]
[Source "ChessBase"]
[SourceDate "2015.10.08"]
[SourceVersion "1"]
[SourceVersionDate "2015.10.08"]
[SourceQuality "1"]
[WhiteTeam "Ravna Gora Goranka"]
[BlackTeam "Porec Gortan"]
[WhiteTeamCountry "CRO"]
[BlackTeamCountry "CRO"]

1. e4 e5 2. Nf3 Nc6 3. Bb5 Nf6 4. 0-0 Nxe4 5. d4 Nd6 6. dxe5 Nxb5 7. a4 d5 8. axb5 Ne7 9. Nc3 h6 10. Qd4 b6 11. Qh4 Be6 12. Nd4 Qd7 13. Nxe6 Qxe6 14. f4 Nf5 15. Qh3 Bc5+ 16. Kh1 g6 17. Bd2 Ne7 18. g4 c6 19. f5 Qd7 20. f6 Nc8 21. bxc6 Qxc6 22. Qg2 b5 23. Qxd5 Qxd5+ 24. Nxd5 Kd7 25. Rfd1 Kc6 26. Bb4 h5 27. Ra6+ Bb6 28. Nxb6 Nxb6 29. Rd6+ Kb7 30. Rdxb6+ axb6 31. Rxa8 Kxa8 32. e6 Rh7 33. Bf8 fxe6 34. Bg7 hxg4 35. f7 g3 36. f8Q+ Kb7 37. Qe7+ Ka6 38. h4 e5 39. Kg2 e4 40. Kxg3 e3 41. Kf3 1-0

[Event "CRO-chT2 West"]
[Site "Rijeka"]
[Date "2012.04.22"]
[Round "5.14"]
[White "Crnkovic, Zdravko"]
[Black "Grguric, Domagoj"]
[Result "0-1"]
[WhiteElo "2071"]
[BlackElo "1973"]
[PlyCount "130"]
[EventDate "2012.03.17"]
[EventType "team-tourn"]
[EventRounds "9"]
[EventCountry "CRO"]
[SourceTitle "EXT 2013"]
[Source "ChessBase"]
[SourceDate "2012.11.22"]
[SourceVersion "1"]
[SourceVersionDate "2012.11.22"]
[SourceQuality "1"]

1. e4 Nf6 2. e5 Nd5 3. c4 Nb6 4. d4 d6 5. Nf3 Bg4 6. Be2 Nc6 7. exd6 exd6 8. Nbd2 Be7 9. 0-0 0-0 10. b3 Bf6 11. Bb2 Re8 12. Re1 a6 13. Bc3 Bh5 14. Qc2 Bg6 15. Bd3 d5 16. Rxe8+ Qxe8 17. Re1 Qf8 18. Ne5 Bxe5 19. Bxg6 Bxh2+ 20. Kxh2 Qd6+ 21. Kg1 Qxg6 22. Qc1 h6 23. Re3 f6 24. Qe1 Kf8 25. Bb2 Rd8 26. Ba3+ Kg8 27. c5 Nd7 28. Nf3 Kf8 29. Nh4 Qh5 30. f3 Re8 31. Rxe8+ Qxe8 32. Qf2 Kf7 33. Bc1 Qe6 34. g4 Ne7 35. Qg3 Nf8 36. Ng2 Qe2 37. Be3 Ne6 38. Qf2 Qxf2+ 39. Kxf2 Nc6 40. Nf4 Nxf4 41. Bxf4 Nxd4 42. Bxc7 Nc6 43. Bd6 g6 44. Bf4 h5 45. gxh5 gxh5 46. Bd2 Kg6 47. Kg3 Nd4 48. b4 Ne6 49. a4 f5 50. f4 d4 51. Kh4 d3 52. Be3 a5 53. Bd2 axb4 54. c6 bxc6 55. Bxb4 Nc5 56. a5 Na6 57. Be1 c5 58. Kg3 h4+ 59. Kxh4 Kf6 60. Kh5 Ke6 61. Kg6 c4 62. Bc3 Nc7 63. Be1 Nb5 64. a6 Kd5 65. Kxf5 Kd4 0-1

[Event "CRO-chT2 U20 West"]
[Site "Rijeka"]
[Date "2012.04.15"]
[Round "5.11"]
[White "Posmuga, Suzana"]
[Black "Grguric, Domagoj"]
[Result "0-1"]
[WhiteElo "1584"]
[BlackElo "1973"]
[PlyCount "92"]
[EventDate "2012.04.06"]
[EventType "team-tourn"]
[EventRounds "5"]
[EventCountry "CRO"]
[SourceTitle "EXT 2014"]
[Source "ChessBase"]
[SourceDate "2013.11.20"]
[SourceVersion "1"]
[SourceVersionDate "2013.11.20"]
[SourceQuality "1"]

1. d4 d5 2. c4 c6 3. Nc3 Nf6 4. e3 Bf5 5. cxd5 Nxd5 6. Nf3 e6 7. Qb3 Qb6 8. Qxb6 Nxb6 9. Be2 h6 10. 0-0 Be7 11. Bd2 0-0 12. Rac1 N8d7 13. Rfd1 Bh7 14. e4 Bb4 15. Bd3 Nf6 16. e5 Nfd5 17. Bxh7+ Kxh7 18. a3 Be7 19. Ne4 Rfd8 20. b4 Rac8 21. Nc5 Rc7 22. Be1 Bg5 23. Bd2 Be7 24. Be1 Kg6 25. g3 Kh7 26. Nd2 Bg5 27. f4 Ne3 28. fxg5 Nxd1 29. Rxd1 Rxd4 30. gxh6 Kxh6 31. Bf2 Rd5 32. Be3+ Kg6 33. Rc1 Nd7 34. Nc4 Nxc5 35. Bxc5 Rcd7 36. Bxa7 b5 37. Nb6 Rxa7 38. Nxd5 cxd5 39. Rc5 Rb7 40. Rc2 Kf5 41. Re2 Ra7 42. Re3 d4 43. Rd3 Kxe5 44. Kf2 Kd5 45. h4 e5 46. g4 f6 0-1

[Event "CRO-chT2 U20 West"]
[Site "Kastav"]
[Date "2011.04.26"]
[Round "2.21"]
[White "Grguric, Domagoj"]
[Black "Kovacevic, Mladen"]
[Result "1-0"]
[WhiteElo "1940"]
[BlackElo "1930"]
[PlyCount "45"]
[EventDate "2011.04.26"]
[EventType "team-tourn"]
[EventRounds "5"]
[EventCountry "CRO"]
[SourceTitle "EXT 2014"]
[Source "ChessBase"]
[SourceDate "2013.11.20"]
[SourceVersion "1"]
[SourceVersionDate "2013.11.20"]
[SourceQuality "1"]

1. e4 d5 2. exd5 Qxd5 3. Nc3 Qa5 4. d4 c6 5. Nf3 Bf5 6. Bc4 e6 7. 0-0 Nf6 8. Bf4 Nbd7 9. a3 Be7 10. Qe2 0-0 11. h3 Rfe8 12. Bh2 c5 13. Nb5 Rac8 14. dxc5 Qa4 15. b3 Qa6 16. Nd6 Bxd6 17. Bxa6 bxa6 18. Bxd6 h6 19. b4 g5 20. Ne5 Nxe5 21. Bxe5 Ne4 22. f3 Ng3 23. Bxg3 1-0

[Event "CRO-chT1B 18th"]
[Site "Sibenik"]
[Date "2009.09.21"]
[Round "1"]
[White "Grguric, Domagoj"]
[Black "Dizdarevic, Emir"]
[Result "0-1"]
[WhiteElo "1882"]
[BlackElo "2483"]
[PlyCount "88"]
[EventDate "2009.09.21"]
[EventType "team-tourn"]
[EventRounds "9"]
[EventCountry "CRO"]
[SourceTitle "EXT 2010"]
[Source "ChessBase"]
[SourceDate "2010.11.25"]
[SourceVersion "1"]
[SourceVersionDate "2010.11.25"]
[SourceQuality "1"]

1. e4 e6 2. Nf3 d5 3. Nc3 Nf6 4. e5 Nfd7 5. d4 c5 6. dxc5 Nc6 7. Bf4 Be7 8. h3 Nxc5 9. Bd3 a6 10. 0-0 b5 11. Ne2 0-0 12. Ned4 Bd7 13. Nxc6 Bxc6 14. Nd4 Bd7 15. Be3 Qc7 16. f4 b4 17. Qe2 a5 18. Kh1 f6 19. Bg1 fxe5 20. fxe5 Rxf1 21. Rxf1 Rf8 22. Qh5 Nxd3 23. Rxf8+ Bxf8 24. cxd3 Qc1 25. Qh4 Qc7 26. Qg5 a4 27. Qe3 Be7 28. Nf3 Be8 29. Qa7 Qxa7 30. Bxa7 Bg6 31. Ne1 b3 32. axb3 axb3 33. Bd4 Bb4 34. Nf3 h6 35. g4 Bxd3 36. Kg2 Be4 37. Kg3 Kf7 38. h4 Ke8 39. h5 Kd7 40. Kf4 Kc6 41. Kg3 Kb5 42. Be3 Bxf3 43. Kxf3 Bc3 44. Bc1 Bxe5 0-1

[Event "CRO-ch U17"]
[Site "Bjelolasica"]
[Date "2009.07.30"]
[Round "7"]
[White "Jambrusic, Zvonimir"]
[Black "Grguric, Domagoj"]
[Result "1/2-1/2"]
[WhiteElo "1849"]
[BlackElo "1869"]
[PlyCount "52"]
[EventDate "2009.07.26"]
[EventType "swiss"]
[EventRounds "9"]
[EventCountry "CRO"]
[SourceTitle "CBM 131 Extra"]
[Source "ChessBase"]
[SourceDate "2009.09.03"]
[SourceVersion "2"]
[SourceVersionDate "2009.09.16"]
[SourceQuality "1"]

1. d4 d5 2. Nf3 Nf6 3. Bf4 c5 4. c3 cxd4 5. cxd4 Nc6 6. e3 Bg4 7. Be2 e6 8. 0-0 Be7 9. Ne5 Bxe2 10. Qxe2 Nxe5 11. Bxe5 0-0 12. Nd2 Bd6 13. Bxd6 Qxd6 14. Rac1 Rfc8 15. Nf3 Qb6 16. Ne5 Rc7 17. Nd3 Rac8 18. f3 Rxc1 19. Rxc1 Rxc1+ 20. Nxc1 Qb4 21. Kf2 Kf8 22. b3 Qc3 23. Nd3 Nd7 24. Nf4 a6 25. Qd3 Qxd3 26. Nxd3 Ke7 1/2-1/2

[Event "CRO-chT U20 18th"]
[Site "Sv Filip i Jakov"]
[Date "2009.04.17"]
[Round "7"]
[White "Buhin, Denis"]
[Black "Grguric, Domagoj"]
[Result "1-0"]
[WhiteElo "1916"]
[BlackElo "1748"]
[PlyCount "79"]
[EventDate "2009.04.14"]
[EventType "team-tourn"]
[EventRounds "11"]
[EventCountry "CRO"]
[SourceTitle "CBM 129 Extra"]
[Source "ChessBase"]
[SourceDate "2009.05.05"]
[SourceVersion "2"]
[SourceVersionDate "2009.05.20"]
[SourceQuality "1"]

1. Nf3 d5 2. c4 c6 3. d4 Nf6 4. Nc3 Bf5 5. Qb3 Qb6 6. c5 Qxb3 7. axb3 Ne4 8. Bf4 Nxc3 9. bxc3 Nd7 10. e3 a6 11. b4 Rc8 12. Nd2 Nf6 13. f3 Nh5 14. Bg3 Nxg3 15. hxg3 e6 16. e4 Bg6 17. Bd3 Be7 18. Ke2 0-0 19. f4 dxe4 20. Bxe4 Bxe4 21. Nxe4 Rfd8 22. Rh3 h6 23. Nd2 Rd5 24. Nc4 Rc7 25. Rah1 Bd8 26. g4 f6 27. Nb6 Rdd7 28. Nxd7 Rxd7 29. Re3 Kf7 30. Kf3 b6 31. Ra1 bxc5 32. dxc5 Ra7 33. Rd3 Bc7 34. Rd7+ Kf8 35. c4 e5 36. fxe5 fxe5 37. Ke4 g6 38. Rf1+ Ke8 39. Rff7 Ra8 40. Rxc7 1-0

[Event "CRO-chT U20 18th"]
[Site "Sv Filip i Jakov"]
[Date "2009.04.17"]
[Round "8"]
[White "Grguric, Domagoj"]
[Black "Kruljac, Petra"]
[Result "0-1"]
[WhiteElo "1748"]
[BlackElo "2052"]
[PlyCount "98"]
[EventDate "2009.04.14"]
[EventType "team-tourn"]
[EventRounds "11"]
[EventCountry "CRO"]
[SourceTitle "CBM 129 Extra"]
[Source "ChessBase"]
[SourceDate "2009.05.05"]
[SourceVersion "2"]
[SourceVersionDate "2009.05.20"]
[SourceQuality "1"]

1. e4 e6 2. Nf3 d5 3. Nc3 Nf6 4. e5 Nfd7 5. d4 c5 6. dxc5 Nc6 7. Bf4 Bxc5 8. Bd3 a6 9. 0-0 Be7 10. Qd2 h6 11. h3 b5 12. a3 Bb7 13. Rfe1 Nb6 14. Ne2 Qc7 15. Ned4 Nxd4 16. Nxd4 Nc4 17. Qc1 Qb6 18. Nf3 Rc8 19. b3 Na5 20. Qd1 Nc6 21. Qe2 Bc5 22. c4 dxc4 23. bxc4 b4 24. axb4 Nxb4 25. Bg3 Nxd3 26. Qxd3 Rd8 27. Qc2 0-0 28. Reb1 Qc7 29. Qc3 Rd7 30. Qa5 Qc8 31. Rb3 Rfd8 32. Rab1 Rd1+ 33. Kh2 Bxf3 34. gxf3 Qc6 35. Rxd1 Rxd1 36. Rb8+ Kh7 37. Qc3 Rd4 38. Qc2+ g6 39. Qb3 a5 40. Qb5 Qxb5 41. cxb5 Rb4 42. Kg2 g5 43. Kf1 h5 44. Ke2 h4 45. Bh2 Rb2+ 46. Kd3 Bxf2 47. b6 Rxb6 48. Rxb6 Bxb6 49. f4 Kh6 0-1

[Event "CRO-chT U20 18th"]
[Site "Sv Filip i Jakov"]
[Date "2009.04.16"]
[Round "6"]
[White "Grguric, Domagoj"]
[Black "Martinovic, Sasa"]
[Result "0-1"]
[WhiteElo "1748"]
[BlackElo "2427"]
[PlyCount "120"]
[EventDate "2009.04.14"]
[EventType "team-tourn"]
[EventRounds "11"]
[EventCountry "CRO"]
[SourceTitle "CBM 129 Extra"]
[Source "ChessBase"]
[SourceDate "2009.05.05"]
[SourceVersion "2"]
[SourceVersionDate "2009.05.20"]
[SourceQuality "1"]

1. e4 c5 2. Nf3 Nc6 3. Bb5 e6 4. Bxc6 bxc6 5. e5 f6 6. d3 fxe5 7. Nxe5 Nf6 8. 0-0 d6 9. Nf3 e5 10. h3 Be7 11. b3 0-0 12. Bb2 Nd5 13. Nbd2 Nf4 14. Ne4 Qe8 15. Bc1 Qg6 16. Bxf4 Rxf4 17. Kh1 Be6 18. Ned2 Raf8 19. Re1 Qh5 20. Nh2 Qh6 21. f3 Rh4 22. Re4 d5 23. Rxh4 Qxh4 24. Qe1 Qf4 25. Ndf1 Qd4 26. a4 Bh4 27. Qd1 Rf6 28. a5 Rg6 29. Ra4 c4 30. g4 Be7 31. Qa1 Qxa1 32. Rxa1 cxd3 33. cxd3 Rf6 34. Ne3 Rf8 35. Rc1 c5 36. Nf5 Bxf5 37. gxf5 Rxf5 38. Kg2 h5 39. Nf1 Rf8 40. Kf2 Kf7 41. Ke2 Ke6 42. Nd2 Rf4 43. Rg1 g5 44. Kd1 Rh4 45. Rg3 Rb4 46. Kc2 Rb5 47. a6 Ra5 48. Kc3 Rxa6 49. h4 gxh4 50. Rg6+ Bf6 51. Rh6 Ra2 52. d4 exd4+ 53. Kd3 Kf7 54. Rh7+ Kg6 55. Rc7 h3 56. Nf1 Rf2 57. Rxa7 Rxf1 58. Ke2 Rb1 59. Ra2 h2 60. Kd3 h1Q 0-1

[Event "CRO-ch U17"]
[Site "Bjelolasica"]
[Date "2008.07.23"]
[Round "5"]
[White "Grguric, Domagoj"]
[Black "Bjelicic, Jan"]
[Result "0-1"]
[WhiteElo "1747"]
[BlackElo "2073"]
[PlyCount "118"]
[EventDate "2008.07.20"]
[EventType "swiss"]
[EventRounds "9"]
[EventCountry "CRO"]
[SourceTitle "CBM 125 Extra"]
[Source "ChessBase"]
[SourceDate "2008.09.01"]
[SourceVersion "1"]
[SourceVersionDate "2008.09.01"]
[SourceQuality "1"]

1. e4 c5 2. Nf3 Nc6 3. d4 cxd4 4. c3 dxc3 5. Nxc3 d6 6. Bc4 Nf6 7. h3 e6 8. 0-0 Be7 9. Qe2 a6 10. Rd1 Qc7 11. Bf4 e5 12. Be3 0-0 13. Rac1 Be6 14. Nd5 Bxd5 15. Bxd5 Rac8 16. Bg5 Qb6 17. Be3 Qb5 18. Bc4 Qa5 19. Bd2 Qd8 20. Bc3 Qe8 21. Nh4 g6 22. Nf3 Kg7 23. Bb3 Nb8 24. Qe3 Nbd7 25. Bd2 Rxc1 26. Qh6+ Kh8 27. Rxc1 Nxe4 28. Rc7 Qd8 29. Rxb7 Nxd2 30. Qxd2 Nc5 31. Rb4 e4 32. Nd4 Bg5 33. Qc3 Bf6 34. Qd2 Kg7 35. Rc4 Re8 36. Ba4 Nxa4 37. Rxa4 Qb6 38. Rb4 Qc5 39. Nb3 Qe5 40. Rb6 Qxb2 41. Qxb2 Bxb2 42. Rxd6 a5 43. Ra6 Bc3 44. Nxa5 Rd8 45. Nc4 Rd1+ 46. Kh2 Bd4 47. Ne3 Bxe3 48. fxe3 Rd3 49. a4 Rxe3 50. Kg1 Re2 51. Kf1 Ra2 52. a5 f5 53. Ra8 Kf6 54. a6 Ke5 55. a7 Kf4 56. Ke1 Ke3 57. Kd1 Kf2 58. g4 e3 59. Re8 Rxa7 0-1

[Event "CRO-ch U17"]
[Site "Bjelolasica"]
[Date "2008.07.21"]
[Round "3"]
[White "Samardzic, Nikola"]
[Black "Grguric, Domagoj"]
[Result "1/2-1/2"]
[WhiteElo "1694"]
[BlackElo "1747"]
[PlyCount "96"]
[EventDate "2008.07.20"]
[EventType "swiss"]
[EventRounds "9"]
[EventCountry "CRO"]
[SourceTitle "CBM 125 Extra"]
[Source "ChessBase"]
[SourceDate "2008.09.01"]
[SourceVersion "1"]
[SourceVersionDate "2008.09.01"]
[SourceQuality "1"]

1. e4 c5 2. Nf3 e6 3. c3 d5 4. exd5 Qxd5 5. d4 Nf6 6. Bf4 Nc6 7. Na3 cxd4 8. Nxd4 Nxd4 9. Qxd4 Qxd4 10. cxd4 Bb4+ 11. Bd2 Bxa3 12. bxa3 0-0 13. Be2 Rd8 14. Be3 Nd5 15. Bf3 Rd6 16. Rb1 b6 17. 0-0 Bb7 18. Rfc1 Rad8 19. Bxd5 Bxd5 20. Rb2 Kf8 21. Rbc2 b5 22. Bd2 R6d7 23. Bb4+ Ke8 24. Bc5 Bc4 25. a4 e5 26. Re1 f6 27. axb5 Bxb5 28. f4 Kf7 29. fxe5 Re8 30. Rf2 Kg6 31. e6 Rb7 32. Rb2 Bc6 33. Rxb7 Bxb7 34. Bxa7 Bd5 35. e7 Bxa2 36. Bc5 Kf7 37. Kf2 Bd5 38. g3 h5 39. h4 Rb8 40. Ke3 Rb3+ 41. Kd2 Bc6 42. e8Q+ Bxe8 43. Re7+ Kg6 44. Rxe8 Rxg3 45. d5 Rb3 46. d6 Rb7 47. Rc8 Rd7 48. Rc7 Rd8 1/2-1/2